Statistics for What is the country #6

Click here to take the quiz!

General Stats

  • This quiz has been taken 17 times
    (16 since last reset)
  • The average score is 11 of 15

Answer Stats

Answer% Correct
Australia
100%
France
100%
Japan
100%
United Kingdom
100%
United States
100%
India
94%
Cuba
75%
Sri Lanka
75%
France
69%
Trinidad and Tobago
63%
Mongolia
56%
United States
56%
United States
44%
United States
44%
Estonia
38%

Score Distribution

Percentile by Number Answered

Percent of People with Each Score

Your Score History

You have not taken this quiz since the last reset